ICHIMOKU CHARTS ADVANCED CANDLESTICK ANA (Record no. 29805)

MARC details
000 -LEADER
fixed length control field 00343nam a2200133Ia 4500
008 - FIXED-LENGTH DATA ELEMENTS--GENERAL INFORMATION
fixed length control field 240624s9999 xx 000 0 und d
041 ## - LANGUAGE CODE
Language code of text/sound track or separate title eng
082 ## - DEWEY DECIMAL CLASSIFICATION NUMBER
Classification number 332.6 ELL
100 ## - MAIN ENTRY--PERSONAL NAME
Personal name ELLIOTT NICOLE
245 ## - TITLE STATEMENT
Title ICHIMOKU CHARTS ADVANCED CANDLESTICK ANA
260 ## - PUBLICATION, DISTRIBUTION, ETC.
Date of publication, distribution, etc. 2010
Place of publication, distribution, etc. New Delhi
Name of publisher, distributor, etc. Vision Books
300 ## - PHYSICAL DESCRIPTION
Extent 191 p.; 23 cm.
365 ## - TRADE PRICE
Currency code RS
Price amount 30
Holdings
Withdrawn status Lost status Damaged status Not for loan Home library Current library Shelving location Date acquired Cost, normal purchase price Full call number Barcode Date last seen Copy number Price effective from Koha item type
        IMTN IMTN Rack 7-B 11/23/2017 595.00 332.6 ELL 29805 06/24/2024 1 06/24/2024 Books
Designed & Maintained by: LRC IMT Nagpur Contact: lrc@imtnag.ac.in© 2024. All Rights Reserved.